Sammy & Rosie vanno a letto /
Enregistré dans:
| Autres auteurs: | , , , , |
|---|---|
| Format: | |
| Langue: | italien |
| Publié: |
Agrate Brianza :
Domovideo,
[dopo il 1987]
|
| Tags: |
Pas de tags, Soyez le premier à ajouter un tag!
|
MARC
| LEADER | 00000ngm a22000007i 4500 | ||
|---|---|---|---|
| 001 | IT\ICCU\UBO\3182095 | ||
| 003 | ItRI | ||
| 005 | 20260124182843.0 | ||
| 008 | 070411q19872012it |||||||||||||||k|||||c | ||
| 028 | 4 | 2 | |a 58498 |
| 040 | |b ita | ||
| 041 | 7 | |a ita |2 ISO-639-2 | |
| 130 | 0 | |a Sammy and Rosie get laid <film ; 1987> |3 IT\ICCU\LO1\1027109 | |
| 245 | 0 | 0 | |a Sammy & Rosie vanno a letto / |c un film di Stephen Frears ; sceneggiatura di Hanif Kureishi ; musica di Albert Bailey. |
| 246 | 1 | 3 | |a Sammy e Rosie vanno a letto <risorsa elettronica> |9 IT\ICCU\LO1\1027110 |
| 260 | |a Agrate Brianza : |b Domovideo, |c [dopo il 1987] | ||
| 300 | |a 1 videocassetta (100 min.) : |b color. (PAL), son. | ||
| 500 | |a Descrizione basata sul contenitore | ||
| 500 | |a Ripr. del film del 1987 | ||
| 500 | |a Interpreti: Shashi Kappor, Frances Barber, Ayub Kahn Dim, Claire Bloom. | ||
| 700 | 1 | |a Kureishi, Hanif |0 IT\ICCU\CFIV\108235 | |
| 700 | 1 | |a Frears, Stephen |0 IT\ICCU\RAVV\088427 | |
| 700 | 1 | |a Bloom, Claire |0 IT\ICCU\RAVV\088444 | |
| 700 | 1 | |a Kappor, Shashi |0 IT\ICCU\UBOV\096916 | |
| 700 | 1 | |a Bailey, Albert |0 IT\ICCU\UBOV\099497 | |
| 790 | 1 | |a Frears, Steven |3 IT\ICCU\RAVV\423826 |z Frears, Stephen | |
| 942 | |2 ddc |c VM |n 0 | ||
| 952 | |0 0 |1 0 |4 0 |6 VO_170_000000000000000 |7 0 |9 27021 |a BO |b BO |d 2026-01-24 |i 6363 |l 0 |o VO 170 |p BO6363 |r 2026-01-24 18:28:43 |w 2026-01-24 |x [Sebina 5] [1 videocassetta] |y VM |z 1 videocassetta | ||
| 999 | |c 22863 |d 22863 | ||